Catálogo

OBLIGACIONES CIVILES (Registro nro. 55531)

Detalles MARC
000 -LEADER
fixed length control field 00844nam a2200205 a 4500
001 - CONTROL NUMBER
control field 55531
005 - DATE AND TIME OF LATEST TRANSACTION
control field 20180714050856.0
008 - FIXED-LENGTH DATA ELEMENTS--GENERAL INFORMATION
fixed length control field 140415s2007 mx 000 0 spa d
020 ## - INTERNATIONAL STANDARD BOOK NUMBER
International Standard Book Number 9789706134028
041 ## - LANGUAGE CODE
Language code of text/sound track or separate title spa
082 ## - DEWEY DECIMAL CLASSIFICATION NUMBER
Classification number 346
Item number BEJ
100 1# - MAIN ENTRY--PERSONAL NAME
Personal name BEJARANO SANCHEZ, MANUEL
245 10 - TITLE STATEMENT
Title OBLIGACIONES CIVILES
250 ## - EDITION STATEMENT
Edition statement 5ed.
260 ## - PUBLICATION, DISTRIBUTION, ETC.
Place of publication, distribution, etc. MEXICO :
Name of publisher, distributor, etc. OXFORD UNIVERSITY PRESS MEXICO,
Date of publication, distribution, etc. 2007
300 ## - PHYSICAL DESCRIPTION
Extent 263
Dimensions 16.9 x 2.4 x 23
490 ## - SERIES STATEMENT
Series statement TEXTOS JURIDICOS UNIVERSITARIOS
520 ## - SUMMARY, ETC.
Summary, etc. ESTA IOBRA DESARROLLA DE MANERA SENCILLA Y ACCESIBLE LOS DIVERSOS TEMAS QUE INTEGRAN LA TEORIA DE LAS OBLIGACIONES, PARA OFRECER A LOS ESTUDIANTES DE DERECHO UNA MAGNIFICA Y CONFIABLE FUENTE DE INFORMACION SOBRE LOS PRINCIPIOS FUNDAMENTALES DE ESTA MATERIA.
650 14 - SUBJECT ADDED ENTRY--TOPICAL TERM
Topical term or geographic name entry element DERECHO CIVIL
General subdivision DERECHO PRIVADO
-- OBLIGACIONES (DERECHO)
Existencias
Withdrawn status Lost status Source of classification or shelving scheme Damaged status Not for loan Collection code Home library Current library Shelving location Date acquired Source of acquisition Inventory number Total Checkouts Total Renewals Full call number Barcode Date last seen Date last checked out Price effective from Koha item type
    Dewey Decimal Classification     General Biblioteca Karol Wojtyla Biblioteca Karol Wojtyla Sala general 03/12/2013 Compra 151000000000000000046297 4 1 346 BEJ 59897 05/01/2026 13/02/2020 03/12/2013 Libro
    Dewey Decimal Classification     General Biblioteca Karol Wojtyla Biblioteca Karol Wojtyla Sala general 03/12/2013 Compra 151000000000000000046298 4 1 346 BEJ 83318 05/01/2026 13/03/2020 12/02/2016 Libro